00664nam a22001817a 450000500170000000800410001702000180005805000180007624500750009425000120016926000490018130000460023050000780027665000170035465000130037170000450038470000530042920241101164019.0241101b |||||||| |||| 00| 0 eng d a9781292210223 aKD1269b.B356 aIntellectual Property Law / ceditors: Claire Howell; Benjamin Farrand a6th ed. aUnited KingdombPearson Education Ltdcc2019 axv, 222 pagesbIllustrations, Indexc21cm aNo.1 Bestselling Revision Series. Law Express. Intellectual Property Law. 2Intellectual 2Property aClaire Howell (Aston University)eeditor aBenjamin Farrand (University of Warwick)eeditor